000 00289nam a2200145Ia 4500
100 _aKoirala
650 _aJ2EE
942 _cBK
366 _f25
654 _aJ2EE
245 _aJava J2EE Interview questions
260 _bBPB
082 _a5.133
_bKOI
546 _aENGLISH
_cPAMPHALETS
999 _c19542
_d19542